<?xml version="1.0" encoding="UTF-8"?><?xml-stylesheet type="text/xsl" href="static/style.xsl"?><OAI-PMH xmlns="http://www.openarchives.org/OAI/2.0/" xmlns:xsi="http://www.w3.org/2001/XMLSchema-instance" xsi:schemaLocation="http://www.openarchives.org/OAI/2.0/ http://www.openarchives.org/OAI/2.0/OAI-PMH.xsd"><responseDate>2026-04-17T12:22:11Z</responseDate><request verb="GetRecord" identifier="oai:riubu.ubu.es:10259/4519" metadataPrefix="marc">https://riubu.ubu.es/oai/request</request><GetRecord><record><header><identifier>oai:riubu.ubu.es:10259/4519</identifier><datestamp>2022-04-26T11:42:11Z</datestamp><setSpec>com_10259_2699</setSpec><setSpec>col_10259_2711</setSpec></header><metadata><record xmlns="http://www.loc.gov/MARC21/slim" xmlns:doc="http://www.lyncode.com/xoai" xmlns:xsi="http://www.w3.org/2001/XMLSchema-instance" xmlns:dcterms="http://purl.org/dc/terms/" xsi:schemaLocation="http://www.loc.gov/MARC21/slim http://www.loc.gov/standards/marcxml/schema/MARC21slim.xsd">
<leader>00925njm 22002777a 4500</leader>
<datafield tag="042" ind1=" " ind2=" ">
<subfield code="a">dc</subfield>
</datafield>
<datafield tag="720" ind1=" " ind2=" ">
<subfield code="a">Silva, Clocemar Lemes</subfield>
<subfield code="e">author</subfield>
</datafield>
<datafield tag="260" ind1=" " ind2=" ">
<subfield code="c">2016</subfield>
</datafield>
<datafield tag="520" ind1=" " ind2=" ">
<subfield code="a">La Tesis Doctoral define los límites de los derechos fundamentales del trabajador en las relaciones laborales, proponiendo un criterio para adecuar las fricciones entre estos derechos y el poder directivo empresarial. Para tanto, propone la aplicación articulada de los principios de dignidad humana, proporcionalidad y buena fé. La dignidad humana porque actúa no solo como límite inmanente de los derechos fundamentales – límites de los límites – pero también como un límite externo en un núcleo de moralidad, estableciendo la idea de que el derecho al trabajo no permite a uno hacer todo lo que quiera. Una vez que el derecho fundamental esté adecuado a su contenido esencial de dignidad, se investiga si su ejercicio en las relaciones laborales está de acuerdo a la buena fé y, al fin, vencidas estas etapas, se el empleador al ejercer el poder directivo empresarial al limitar el derecho fundamental, observa el principio de proporcionalidad.</subfield>
</datafield>
<datafield tag="024" ind2=" " ind1="8">
<subfield code="a">http://hdl.handle.net/10259/4519</subfield>
</datafield>
<datafield tag="024" ind2=" " ind1="8">
<subfield code="a">10.36443/10259/4519</subfield>
</datafield>
<datafield ind1=" " ind2=" " tag="653">
<subfield code="a">derechos fundamentales</subfield>
</datafield>
<datafield ind1=" " ind2=" " tag="653">
<subfield code="a">dignidad</subfield>
</datafield>
<datafield ind1=" " ind2=" " tag="653">
<subfield code="a">proporcionalidad</subfield>
</datafield>
<datafield ind1=" " ind2=" " tag="653">
<subfield code="a">buena-fe</subfield>
</datafield>
<datafield ind1=" " ind2=" " tag="653">
<subfield code="a">relaciones laborales</subfield>
</datafield>
<datafield ind1=" " ind2=" " tag="653">
<subfield code="a">fundamental rights</subfield>
</datafield>
<datafield ind1=" " ind2=" " tag="653">
<subfield code="a">dignity</subfield>
</datafield>
<datafield ind1=" " ind2=" " tag="653">
<subfield code="a">proporcionality</subfield>
</datafield>
<datafield ind1=" " ind2=" " tag="653">
<subfield code="a">good faith</subfield>
</datafield>
<datafield ind1=" " ind2=" " tag="653">
<subfield code="a">labour relations</subfield>
</datafield>
<datafield tag="245" ind1="0" ind2="0">
<subfield code="a">Los principios de dignidad humana, proporcionalidad y buena fe como límites a los derechos del trabajador</subfield>
</datafield>
</record></metadata></record></GetRecord></OAI-PMH>